00684 2200253 4500001002100000005001500021035002000036245008400056100001800140300002800158260003100186082001000217084001600227020002200243650001900265008004100284856000900325990001600334990001600350990001600366990001600382990001600398990001600414INLIS00000000000014920190730091959 a0010-09180000201 aGizi & Kesehatan Untuk Ibu Hamil :bkajian teori & aplikasinya /cSiti Fathonah0 aSiti Fathonah a201 p :bIlus ;c24 cm. aJakarta :bErlangga,c2016 a613.2 a613.2 SIT g a978-602-298-559-4 aGizi-Ibu hamil190730 0  aGIZI a00000000708 a00000000709 a00000000710 a00000000708 a00000000709 a00000000710